00327 a2200133 450000100060000002000180000604000240002410000170004824000420006524500370010730000090014436200090015365000310016214384 a9788587607744 cAnchieta - Aquarius aNunes, Nadja10aA menina que tinha medo de ventolpor10aA menina que tinha medo de vento a33p.0 a2010 4aLiteratura infanto-juvenil